00304nam a22001097a 450000500170000002000180001708200210003510000200005624500540007626000510013030000130018120260625152854.0 a9781009486910 a382.309 51 STR/C aStrange, Austin aChinese global infrastructure/cby Austin Strange a. - U K b: Cambridge University Pressc, 2024 a94 pages